[Event "POL-ch U16"]
[Site "Sypniewo"]
[Date "2022.03.27"]
[Round "9"]
[White "Lysakowski, Kamil"]
[Black "Dziewonski, Dariusz"]
[Result "1-0"]
[WhiteElo "1805"]
[BlackElo "2093"]
[PlyCount "181"]
[EventDate "2022.03.19"]
[EventType "swiss"]
[EventRounds "9"]
[EventCountry "POL"]
[SourceTitle "CBM 207 Extra"]
[Source "ChessBase"]
[SourceDate "2022.05.31"]
[SourceVersion "1"]
[SourceVersionDate "2022.05.31"]
[SourceQuality "1"]

1. e4 e5 2. Nf3 Nc6 3. Bc4 Bc5 4. c3 Nf6 5. d4 exd4 6. 0-0 Nxe4 7. cxd4 d5 8. dxc5 dxc4 9. Qe2 Qe7 10. Qxc4 Nxc5 11. Bg5 f6 12. Be3 Nd7 13. Nc3 Nde5 14. Nxe5 Nxe5 15. Qb3 c6 16. Ne4 Be6 17. Qd1 b6 18. Nd6+ Kf8 19. Bf4 Rd8 20. Bxe5 Bd5 21. Bg3 Rxd6 22. Bxd6 Qxd6 23. Qh5 g6 24. Qh6+ Kf7 25. Rfe1 Qb4 26. Qh3 Qd6 27. Re3 h5 28. Rae1 Rd8 29. Re7+ Qxe7 30. Rxe7+ Kxe7 31. Qa3+ Ke8 32. Qxa7 Bxa2 33. h3 Bf7 34. Qxb6 Rd6 35. Qc7 Re6 36. Qc8+ Ke7 37. Kh2 Be8 38. Qb7+ Kf8 39. Kg3 Re7 40. Qb4 Kf7 41. Qc4+ Kg7 42. f4 f5 43. Qc3+ Kf7 44. Kh4 Re6 45. Qc5 Re7 46. Qd6 Re6 47. Qd8 Re2 48. g3 Re3 49. b4 Re7 50. Kg5 Re6 51. Qc7+ Re7 52. Qb8 Re6 53. Qa7+ Re7 54. Qa2+ Re6 55. Kh6 Ke7 56. Kg7 Kd7 57. Qa7+ Kd6 58. Qc5+ Kd7 59. b5 cxb5 60. Qxb5+ Kd6 61. Qd3+ Ke7 62. Qd4 Rd6 63. Qe5+ Re6 64. Qc5+ Rd6 65. Qb4 Bd7 66. Qb3 Re6 67. Kh6 Be8 68. Kg5 Bd7 69. Qc3 Be8 70. Qb2 Rd6 71. Qg7+ Bf7 72. Qe5+ Re6 73. Qc7+ Kf8 74. Kh6 Re8 75. Qd6+ Re7 76. Qf6 Re6 77. Qd8+ Re8 78. Qd6+ Re7 79. Kg5 Ke8 80. Kf6 Re6+ 81. Qxe6+ Bxe6 82. Kxe6 g5 83. h4 gxf4 84. gxf4 Kf8 85. Kxf5 Kf7 86. Kg5 Kg7 87. Kxh5 Kh7 88. Kg5 Kg7 89. f5 Kf7 90. f6 Kf8 91. Kg6 1-0

[Event "Jastrzebie Zdroj op"]
[Site "Jastrzebie Zdroj"]
[Date "2019.08.15"]
[Round "4"]
[White "Lysakowski, Kamil"]
[Black "Piec, Patryk"]
[Result "1-0"]
[WhiteElo "1494"]
[BlackElo "1095"]
[PlyCount "83"]
[EventDate "2019.08.12"]
[EventType "swiss"]
[EventRounds "9"]
[EventCountry "POL"]
[SourceTitle "CBM 191 Extra"]
[Source "ChessBase"]
[SourceDate "2019.09.30"]
[SourceVersion "1"]
[SourceVersionDate "2019.09.30"]
[SourceQuality "1"]

1. e4 e5 2. Nf3 Nc6 3. d4 exd4 4. c3 dxc3 5. Nxc3 Bc5 6. Bc4 d6 7. Qb3 Qe7 8. Bg5 Nf6 9. 0-0 0-0 10. Nd5 Qxe4 11. Nxf6+ gxf6 12. Bh6 Rd8 13. Bxf7+ Kh8 14. Qc3 Bd4 15. Nxd4 Qxd4 16. Qg3 Qg4 17. Rae1 Qxg3 18. fxg3 f5 19. Bg5 Kg7 20. Bxd8 Kxf7 21. Bxc7 b6 22. Bxd6 Ba6 23. Rxf5+ Kg6 24. g4 Rd8 25. Re6+ Kg7 26. h4 Bc8 27. Rg5+ Kf7 28. Rh6 Rh8 29. Bf4 Nd4 30. Be5 Ne2+ 31. Kf2 Re8 32. Kxe2 Ba6+ 33. Kf2 Rc8 34. Rf6+ Ke7 35. Rg7+ Ke8 36. Rg8+ Kd7 37. Rd6+ Ke7 38. Rxc8 Bxc8 39. Rh6 Bxg4 40. Rxh7+ Ke6 41. Bd4 Kd5 42. Be3 1-0

[Event "Jastrzebie Zdroj op"]
[Site "Jastrzebie Zdroj"]
[Date "2019.08.12"]
[Round "1"]
[White "Klepek, Witold"]
[Black "Lysakowski, Kamil"]
[Result "1-0"]
[WhiteElo "2197"]
[BlackElo "1494"]
[PlyCount "65"]
[EventDate "2019.08.12"]
[EventType "swiss"]
[EventRounds "9"]
[EventCountry "POL"]
[SourceTitle "CBM 191 Extra"]
[Source "ChessBase"]
[SourceDate "2019.09.30"]
[SourceVersion "1"]
[SourceVersionDate "2019.09.30"]
[SourceQuality "1"]

1. e4 Nf6 2. e5 Nd5 3. d4 d6 4. c4 Nb6 5. exd6 cxd6 6. Nc3 g6 7. Be3 Bg7 8. Rc1 0-0 9. b3 Nc6 10. d5 Ne5 11. Be2 Bf5 12. f4 Ned7 13. Nf3 Nc5 14. 0-0 Re8 15. Nd4 e6 16. dxe6 fxe6 17. Ndb5 Bf8 18. g4 Be4 19. Bxc5 dxc5 20. Qxd8 Raxd8 21. Nxe4 a6 22. Nf6+ Kf7 23. Nxe8 axb5 24. Nc7 b4 25. Rcd1 Rc8 26. Nb5 Ra8 27. f5 exf5 28. gxf5 Rxa2 29. fxg6+ Kxg6 30. Rxf8 Rxe2 31. Rd6+ Kg7 32. Rb8 Rb2 33. Rxb7+ 1-0